000
00325nam a2200133Ia 4500
008
150301s2015 xx 000 0 und d
082
_a
615.4
_b
H13K
100
_a
KUMAR, N
245
_a
HEALTH EDUCATION AND COMMUNITY PHARMACY
260
_b
AITBS DELHI
300
_a
216
650
_a
COMMUNITY PHARMACY
942
_2
ddc
_c
BK
_0
3
999
_c
7267
_d
7267